| 000 | 00679nam a2200253 a 4500 | ||
|---|---|---|---|
| 999 |
_c10503 _d10503 |
||
| 001 | 10503 | ||
| 003 | BD-JhCC | ||
| 005 | 20180430180853.0 | ||
| 008 | 180430s1967 nbu |||| b||| 000 0 eng d | ||
| 035 | _a(BD-JhCC)10503 | ||
| 040 |
_aBD-JhCC _dBD-JhCC |
||
| 041 | _aeng | ||
| 082 |
_a843.8 _bROB 1967 |
||
| 100 |
_aRoberts, James L., _c1929- |
||
| 245 |
_aZola's Nana : _bnotes / _cRoberts, James L., |
||
| 260 |
_aLincoln : _bCliff's Notes, _c1967. |
||
| 300 |
_a80 P. : _c21 cm. |
||
| 504 | _aIncludes Bibliographical Reference. | ||
| 600 | _aNana (Zola, Émile) | ||
| 650 | _aExaminations | ||
| 650 | _aFeminism and literature | ||
| 942 |
_2ddc _cBK |
||